Statistiken für Bundesländer nach Einwohner

Klicken Sie hier um das Quiz zu spielen!

Allgemein

  • Dieses Quiz wurde 80 mal gespielt
  • Das Durchschnittsergebnis liegt bei 14 aus 16

Antwortstatistiken

EinwohnerBundesland% Korrekt
13.369.393Bayern
99%
18.139.116Nordrhein-Westfalen
99%
11.280.257Baden-Württemberg
96%
3.755.251Berlin
94%
8.140.242Niedersachsen
94%
6.391.360Hessen
93%
4.159.150Rheinland-Pfalz
90%
4.086.152Sachsen
90%
684.864Bremen
85%
2.953.270Schleswig-Holstein
85%
992.666Saarland
83%
1.910.160Hamburg
82%
2.186.643Sachsen-Anhalt
79%
2.573.135Brandenburg
76%
1.628.378Mecklenburg-Vorpommern
75%
2.126.846Thüringen
72%

Verteilung der Resultate

Perzentil nach korrekt beantworteten Fragen

Anzahl Personen mit jedem Resultat

Ihre Resultats-Entwicklung

Sie haben dieses Quiz noch nicht gespielt